| 000 | 00709nam a2200229 i 4500 | ||
|---|---|---|---|
| 001 | 141347 | ||
| 003 | ES-MaACL | ||
| 005 | 20250814081858.0 | ||
| 007 | t| | ||
| 008 | 070921s1958 sp a |||| | spa d | ||
| 080 | _a688.4 | ||
| 100 | 1 |
_aVillares Ruano, Domingo. _9115118 |
|
| 245 | 1 | 0 |
_aConfección de flores y frutas artificiales / _cDomingo Villares Ruano. |
| 260 |
_aBarcelona : _bSintes, _c[1958] |
||
| 300 |
_a91 p. : _bil. ; _c18 cm. |
||
| 490 | 1 |
_aSelecta enciclopedia práctica ; _v104 |
|
| 599 | _aCon ilustraciones. | ||
| 650 | 1 | 7 |
_aFlores artificiales _2embne _912910 |
| 830 | 0 |
_aSelecta enciclopedia práctica ; _v104 _9181339 |
|
| 852 |
_aES-MaACL _jC-15178 |
||
| 999 |
_c141347 _d141347 |
||